Środki transportu po francusku - Statystyki

Ogólne statystyki
  • Ten quiz został rozwiązany 15 razy
  • Średni wynik to 13 z 15
Statystyki odpowiedzi
Hint Odpowiedź % Poprawnych
szybki pociąg le tgv
100%
pociąg le train
100%
autokar un auto car
100%
samolot un avion
100%
statek un bateau
100%
kamper un camping car
100%
przyczepa une caravane
100%
motocykl une moto
100%
samochód une voiture
100%
środki transportu les moyens de transport
67%
ciężarówka un camion
67%
łódka une peniche
67%
skuter un scooter
67%
żaglówka un voilier
67%
łódź une barque
33%
Nie znaleziono quizów pasujących do podanych kryteriów
Rozkład punktacji
Procent ludzi z każdym wynikiem
Percentyl według liczby udzielonych odpowiedzi
Twoja historia wyników
Nie rozwiązałeś tego quizu